000 00365pam a2200157a 44500
008 230515b2009 xxu||||| |||| 00| 0 eng d
020 _aNULL
041 _aENGLISH
082 _a001.5 TAL
100 _aASOKEK TALUKDAR
245 _aARCHITECTURING SECURE SOFTWARE SYSTEMS
250 _a1
260 _aNULL
_bCRC PRESS
_c2009
300 _a446
650 _aNULL
999 _c640926
_d640926